00406nam a2200133Ia 4500003000900000008004100009040003300050041000800083080001000091100001600101245009200117260003100209300003200240LK-CoDNM010623t1907 xxu||||| |||| 00| 1 eng d aLK-CoDNMdLK-CoDNMeLK-CoDNM aeng a6 L.8 aStill, John aIndex to the Mahawansa Together with Chronological Table of Wars and Genealogical Trees bH.C. CottleaColomboc1907 b77p.,2Chart,., iill., 22 cm